عرض عادي
عرض مارك
- Swick, Edward.
مدخل إسم شخص
001 - رقم الضبط
- حقل الضبط: 34368
003 - معرف رقم الضبط
- حقل الضبط: OSt
005 - تاريخ ووقت أخر عملية
- حقل الضبط: 20130314124951.0
008 - عناصر بيانات ثابتة الطول
- حقل تحكم ثابت الطول: 130314|||a|||||| | ||| d
040 ## - مصدر الفهرسة
- هيئة الفهرسة الأصلية: OSt
- وكالة الكتابة: OSt
100 ## - مدخل -- أسم شخص
- إسم شخص: Swick, Edward.
670 ## - بيانات المصدر موجوده
- الاستشهاد بالمصدر: Work cat.: (OSt)0: Swick, Edward., English grammar for ESL learners /, 2005.
